[Event "Seville-ch Primera"]
[Site "Seville"]
[Date "2013.01.26"]
[Round "1.2"]
[White "Rivadulla Horrillo, Juan Manuel"]
[Black "Del Castillo Perez, Alejandro"]
[Result "0-1"]
[WhiteElo "2059"]
[BlackElo "1739"]
[PlyCount "110"]
[EventDate "2013.01.26"]
[EventType "tourn"]
[EventRounds "9"]
[EventCountry "ESP"]
[SourceTitle "EXT 2024"]
[Source "ChessBase"]
[SourceDate "2023.10.10"]
[SourceVersion "1"]
[SourceVersionDate "2023.10.10"]
[SourceQuality "1"]

1. e4 Nc6 2. Nf3 d5 3. exd5 Qxd5 4. Nc3 Qd6 5. d4 Nf6 6. Bd3 Bg4 7. Ne4 Nxe4 8. Bxe4 Qe6 9. Qe2 Bxf3 10. Qxf3 Nxd4 11. Qe3 Nf5 12. Bxf5 Qxf5 13. Qb3 0-0-0 14. Be3 Qd5 15. 0-0 Qxb3 16. axb3 a6 17. b4 e6 18. Ra4 Be7 19. c4 Bf6 20. b5 axb5 21. cxb5 b6 22. Rc4 Kb7 23. Bf4 Rd7 24. Rfc1 e5 25. Bg3 Rhd8 26. f4 Rd1+ 27. Rxd1 Rxd1+ 28. Kf2 Rd2+ 29. Kf3 e4+ 30. Kxe4 Rxg2 31. f5 Bd8 32. Rd4 Kc8 33. Rd5 Rxb2 34. Kf3 Rc2 35. Be5 f6 36. Bf4 Be7 37. Ke4 Rc4+ 38. Kf3 Rc5 39. Ke4 g6 40. fxg6 hxg6 41. Rxc5 Bxc5 42. Kd5 Kd7 43. h3 Bd6 44. Be3 f5 45. Bg5 f4 46. Ke4 c6 47. bxc6+ Kxc6 48. Bxf4 Bxf4 49. Kxf4 b5 50. Kg5 b4 51. Kxg6 b3 52. h4 b2 53. h5 b1Q+ 54. Kg7 Qb2+ 55. Kh7 Qf6 0-1